Movies Quiz

Random Movies or Disney Quiz

Profile: Venom Quiz Stats

 Plays Quiz not verified by Sporcle

Score 0/18 Timer 04:00
0 Plays Today
Hint Answer % Correct
Year of Release2018
94.3%
Oscar Nominations0
86.8%
Cameo by this Marvel Comics LegendStan Lee
86.8%
Based Off This Comic Book CompanyMarvel
84.9%
Month of ReleaseOctober
83%
Top Billed ActorTom Hardy
83%
Distribution CompanySony
73.6%
Main Character's Full NameEddie Brock
73.6%
Budget (nearest $10 mil)$100 million
71.7%
Hint Answer % Correct
Main Character's ProfessionInvestigative Journalist
64.2%
Box Office Earnings (nearest $100 mil)$855 million
56.6%
Rotten Tomatoes Critic Score29%
52.8%
Takes Place Primarily in this CitySan Francisco
50.9%
Top Billed ActressMichelle Williams
45.3%
Runtime (minutes)112
43.4%
Second Billed ActorRiz Ahmed
32.1%
DirectorRuben Fleischer
20.8%
Composer/ScoreLudwig Göransson
13.2%

You're not logged in!

Compare scores with friends on all Sporcle quizzes.
OR
Log In

You Might Also Like...

Show Comments

Extras

Top Quizzes Today


Score Distribution

Your Account Isn't Verified!

In order to create a playlist on Sporcle, you need to verify the email address you used during registration. Go to your Sporcle Settings to finish the process.

Report this User

Report this user for behavior that violates our Community Guidelines.

Details: